Statistics for Top 20 Strongest Currencies in the World

Click here to take the quiz!

General Stats

  • This quiz has been taken 206 times
  • The average score is 6 of 20

Answer Stats

Equal per $Answer% Correct
1.18Euro
93%
1.38Pound Sterling
87%
-United States Dollar
74%
0.74Australian Dollar
65%
0.79Canadian Dollar
62%
1.09Swiss Franc
51%
0.71New Zealand Dollar
49%
0.75Singapore Dollar
33%
3.33Kuwaiti Dinar
26%
2.65Bahraini Dinar
19%
2.60Omani Rial
17%
1.41Jordanian Dinar
14%
0.75Brunei Dollar
11%
0.31Israeli Shekel
11%
1.20Cayman Islands Dollar
9%
0.48Fijian Dollar
8%
0.60Bulgarian Lev
7%
0.59Azerbaijani Manat
5%
0.56Aruban Florin
4%
0.61Bosnia and Herzegovina
Convertible Mark
4%

Score Distribution

Percentile by Number Answered

Percent of People with Each Score

Your Score History

You have not taken this quiz